000 00524nam a2200181 a 4500
001 000029311
005 20200930055452.0
008 110414s1974 dr 000 0 spa d
040 _aDO-SdBNP
_bspa
_cBNPHU
082 _axxxx
_bK193i
100 1 _aKasse Acta, Rafael
_925885
245 1 3 _aLa investigación científica, la UASD y el pueblo.
260 _aSanto Domingo :
_bUASD,
_c1974.
300 _a13 p. ;
_c21 cm.
490 1 _aConferencia
_vno. 20,
_v173
830 0 _aConferencia
_nno. 20,
_v173
_956196
049 _aBNPD
999 _c28803
_d28803